| 000 | 00463nam a2200169Ia 4500 | ||
|---|---|---|---|
| 003 | LK-CoDNM | ||
| 008 | 010623t xxu||||| |||| 00| 1 sin d | ||
| 040 |
_aLK-CoDNM _dLK-CoDNM _eLK-CoDNM |
||
| 041 | _asin | ||
| 100 | _aPerera,Ranjanee. | ||
| 245 | _aනියම ක්රිස්තියානි සේවකයා | ||
| 246 | _aNiyama Kristiyani Sevakaya | ||
| 260 |
_bPragna _aColombo |
||
| 300 | _b83p., 18 cm | ||
| 650 | _aChristinity | ||
| 942 | _cBK | ||
| 999 |
_c138986 _d138986 |
||